LEADER 01042nam0 22002531i 450 001 UON00093270 005 20231205102520.707 100 $a20020107d1980 |0itac50 ba 101 $aita 102 $aIT 105 $a|||| ||||| 200 1 $aMISCELLANEA papyrologica$fa cura di Rosario Pintaudi 210 $aFirenze$cedizioni Gonnelli$d1980 413 p. ; 32 cm 410 1$1001UON00087305$12001 $aPapyrologica florentina$fa cura di Rosario Pintaudi$1210 $aFirenze$cEdizioni Gonnelli$d1976- .$vVII 620 $aIT$dFirenze$3UONL000052 686 $aT PAP II$cPAPYROLOGICA FLORENTINA$2A 702 1$aPINTAUDI$bRosario$3UONV056565 712 $aEdizioni Gonnelli$3UONV259536$4650 801 $aIT$bSOL$c20240220$gRICA 899 $aSIBA - SISTEMA BIBLIOTECARIO DI ATENEO$2UONSI 912 $aUON00093270 950 $aSIBA - SISTEMA BIBLIOTECARIO DI ATENEO$dSI T PAP II 002 $eSI MC 4677 7 002 996 $aMiscellanea papyrologica$9145544 997 $aUNIOR